Gesammelte Briefe /

Bibliographic Details
Main Author: Hesse, Hermann, 1877-1962
Format: Book
Language:German
Published: Frankfurt am Main] : Suhrkamp, [1973-1991]
Edition:1. Aufl.
Subjects:

MARC

Tag First Indicator Second Indicator Subfields
LEADER 00000cam a2200000 4500
001 in00000051063
005 20151007080142.0
008 731008m19731991gw b 00000 ger
010 |a  73327167  
035 |a (OCoLC)00712861 
035 |9 AAF4330AM 
040 |c WIT  |d TXA  |d UtOrBLW 
049 |a TXAM  |c 1  |d [  |v = Bd. ]  |v 1 [1133949]  |v 2 [1114895]  |v 3 [1503022]  |v 4 [A09837192] 
050 0 0 |a PT2617.E85  |b Z53 1973 
100 1 |a Hesse, Hermann,  |d 1877-1962. 
245 1 0 |a Gesammelte Briefe /  |c [In Zusammenarbeit mit Heiner Hesse hrsg. von Ursula und Volker Michels. 
250 |a 1. Aufl. 
264 1 |a Frankfurt am Main] :  |b Suhrkamp,  |c [1973-1991] 
264 4 |c [©1973-1991] 
300 |a 4 volumes ;  |c 21 cm. 
336 |a text  |b txt  |2 rdacontent 
337 |a unmediated  |b n  |2 rdamedia 
338 |a volume  |b nc  |2 rdacarrier 
504 |a Includes bibliographies. 
600 1 0 |a Hesse, Hermann,  |d 1877-1962. 
740 0 |a Hesse... 
999 |a MARS 
999 f f |s e03f737d-7659-3097-ae7b-2e6ffda379b7  |i 7dee971e-eb1b-39ce-9f4a-2b08c11af5be  |t 0 
952 f f |p normal  |a Texas A&M University  |b College Station  |c Sterling C. Evans Library  |d Evans: Library Stacks  |t 0  |e PT2617.E85 Z53 1973  |h Library of Congress classification  |i unmediated -- volume  |k Bd.2  |m A14804168190 
952 f f |p normal  |a Texas A&M University  |b College Station  |c Sterling C. Evans Library  |d Evans: Library Stacks  |t 0  |e PT2617.E85 Z53 1973  |h Library of Congress classification  |i unmediated -- volume  |k Bd.3  |m A14805939895 
952 f f |p normal  |a Texas A&M University  |b College Station  |c Sterling C. Evans Library  |d Evans: Library Stacks  |t 0  |e PT2617.E85 Z53 1973  |h Library of Congress classification  |i unmediated -- volume  |k Bd.1  |m A14804168182 
952 f f |p normal  |a Texas A&M University  |b College Station  |c Sterling C. Evans Library  |d Evans: Library Stacks  |t 0  |e PT2617.E85 Z53 1973  |h Library of Congress classification  |i unmediated -- volume  |k Bd.4  |m A14809837192 
998 f f |a PT2617.E85 Z53 1973  |s Bd.1-Bd.4  |t 0  |l Evans: Library Stacks